000 00736nam a2200193 4500
001 133042
003 ES-MaACL
005 20250901212952.0
007 t|
008 070214s1964 sp r ||||1| spa d
100 1 _aRosselló i Verger, Vicenç M.
_999846
245 1 0 _aMallorca, el sur y sureste /
_cVicenç M. Rosselló i Verger.
260 _aPalma de Mallorca :
_b[s.n.],
_c1964 (
_fGráf. Miramar)
300 _aXVIII, 553 p. :
_bil. ;
_c31 cm +
_e7 map.
500 _aPrecede al Tit : Cámara Oficial de Comercio, Industria y Navegación de Palma de Mallorca.
710 2 _aCámara Oficial de Comercio, Industria y Navegación de Palma de Mallorca
_92397
852 _aES-MaACL
_jC-26823
_bR.56085
999 _c133042
_d133042